Hindūstān shāhān-i Mug̲h̲aliyah ke ʻahd men̲. (Record no. 64347)

MARC details
000 -LEADER
fixed length control field 00645cam a22002531 4500
001 - CONTROL NUMBER
control field sa 65005478
003 - CONTROL NUMBER IDENTIFIER
control field DLC
005 - DATE AND TIME OF LATEST TRANSACTION
control field 20260227112138.0
008 - FIXED-LENGTH DATA ELEMENTS--GENERAL INFORMATION
fixed length control field 890828s1964 ii b 000 0 urdr
010 ## - LIBRARY OF CONGRESS CONTROL NUMBER
LC control number sa 65005478
035 ## - SYSTEM CONTROL NUMBER
System control number (OCoLC)20270826
040 ## - CATALOGING SOURCE
Original cataloging agency DLC
Transcribing agency WaU
Modifying agency DLC
042 ## - AUTHENTICATION CODE
Authentication code premarc
043 ## - GEOGRAPHIC AREA CODE
Geographic area code a-ii---
050 00 - LIBRARY OF CONGRESS CALL NUMBER
Classification number DS461
Item number .M8
100 1# - MAIN ENTRY--PERSONAL NAME
Personal name Muḥammad Miyān̲.
245 10 - TITLE STATEMENT
Title Hindūstān shāhān-i Mug̲h̲aliyah ke ʻahd men̲.
260 ## - PUBLICATION, DISTRIBUTION, ETC.
Date of publication, distribution, etc. [1964]
300 ## - PHYSICAL DESCRIPTION
Extent 272 p.
Dimensions 19 cm.
500 ## - GENERAL NOTE
General note In Urdu.
500 ## - GENERAL NOTE
General note Text partially vocalized.
504 ## - BIBLIOGRAPHY, ETC. NOTE
Bibliography, etc. note Bibliographical footnotes.
651 #0 - SUBJECT ADDED ENTRY--GEOGRAPHIC NAME
Geographic name Mogul Empire.

No items available.

Powered by Koha